000 00310cam a2200145ua 4500
041 _aeng
_h
082 _a821
_bMUR/OR
100 _aMurray, Gilbert .
245 0 0 _aoresteia
260 _aLondon :
_bGeorge allen & unwin ltd ,
_c1956.
300 _a266 ; .
504 _a
942 _cBK
999 _c616
_d616